000 00487nam a2200193Ia 4500
003 OSt
005 20230805101235.0
008 210210b2005 xxu||||| |||| 00| 0 eng d
040 _cAL
041 _aTulu
082 _aT894.3 BANM
100 _aBANNANJE BABU AMIN.
_9129382
245 _aManechchi.
_bಮಾನೆಚ್ಚಿ
260 _aUdupi
_bKemmalaje Janapada Prakashana
_c2005
300 _aviii,306
690 _aTulu Fiction
_9129383
906 _a061650
942 _2ddc
_cBK
999 _c108477
_d108477